00709nam a22001577a 4500003000900000008004100009040007100050082002300121100005900144245007300203260002600276300004100302505016200343650002500505650002100530AR-CdUCM190402b           ||||| |||| 00| 0 spa d  aMUNICIPALIDAD PROVINCIAL DEL CUSCOcBIBLIOTECA MUNICIPAL DEL CUSCO  aEP / 376.36 /bC41  aAlumnos del colegio ¨Madre Admirable¨ de el Agustino  aCerro San Pedro :bLibro de lectura para niños hecho por niños /  aLima :bEdit. Loreza,  a52 paginas ;bIlustraciones,c28 cm.  aContenido :Como era antes el cerro San Pedro --El San Pedro --Las minas del Calicanto --El cerro San Pedro en 1946 --Historia antigua del cerro San Pedro ...  aEducación primaria  aLectura infantil